|
|
|
|
| LEADER |
00952nam a2200229 a 4500 |
| 001 |
000613714 |
| 003 |
CZ BrMZK |
| 005 |
20020826150457.0 |
| 008 |
020731s1965 xr f cze d |
| 015 |
|
|
|a cnb001216607
|
| 035 |
|
|
|a (OCoLC)85577937
|
| 040 |
|
|
|a BOA001
|b cze
|c BOA001
|
| 100 |
1 |
|
|a Michal, Stanislav
|7 jk01081427
|4 aut
|
| 245 |
1 |
0 |
|a Od Svedbergovy centrifugy k první československé ultracentrifuze UC-1 ;
|b Elektrojiskrový výboj v kapalině a jeho použití ve strojírenské technologii /
|c Stanislav Michal
|
| 260 |
|
|
|a Praha :
|b Národní technické muzeum,
|c 1965
|
| 300 |
|
|
|a s.97-129
|
| 500 |
|
|
|a Souhrn rusky, anglicky, francouzsky a německy
|
| 500 |
|
|
|a Separát z: Sborník NTM, 4-1965
|
| 740 |
0 |
2 |
|a Elektrojiskrový výboj v kapalině a jeho použití ve strojírenské technologii
|
| 910 |
|
|
|a BOA001
|b X-0619.898
|
| 990 |
|
|
|a BK
|
| 996 |
6 |
|
|b 2619503077
|c X-0619.898
|l MZK
|r Sklad / do 24 hodin
|n 2
|w 000613714
|u 000010
|a 1
|e BOA001
|j MZK50
|s P
|